All Destinations from London Airports - Statistics

General Stats
  • This quiz has been taken 42 times
    41 since last reset
  • The average score is 246 of 398
Answer Stats
Country or Territory London Airport(s) Airport City % Correct
Cabo Verde Gatwick Sal (SID)
97%
China Gatwick, Heathrow Beijing (PEK)
94%
China Heathrow Beijing (PKX)
94%
France Gatwick, Heathrow, Luton, Southend, Stansted Paris (CDG)
94%
France Gatwick, Heathrow Paris (ORY)
94%
Austria Gatwick, Heathrow, Luton, Stansted Vienna (VIE)
94%
Germany City, Gatwick, Heathrow, Luton, Southend, Stansted Berlin (BER)
91%
Egypt Heathrow Cairo (CAI)
91%
United States Gatwick, Heathrow New York (JFK)
91%
France City, Gatwick, Heathrow, Luton, Stansted Nice (NCE)
91%
Australia Heathrow Perth (PER)
91%
China Gatwick, Heathrow Shanghai (PVG)
91%
United States Heathrow Washington (IAD)
91%
Algeria Gatwick, Heathrow, Stansted Algiers (ALG)
88%
Spain City, Gatwick, Heathrow, Luton, Southend, Stansted Barcelona (BCL)
88%
Denmark Gatwick, Heathrow, Stansted Copenhagen (CPH)
88%
India Heathrow Delhi (DEL)
88%
United States Heathrow Denver (DEN)
88%
Bangladesh Heathrow Dhaka (DAC)
88%
United Arab Emirates Gatwick, Heathrow, Stansted Dubai (DXB)
88%
Ireland City, Gatwick, Heathrow, Luton, Stansted Dublin (DUB)
88%
United Kingdom City, Gatwick, Heathrow, Luton, Stansted Edinburgh (EDI)
88%
Switzerland City, Gatwick, Heathrow, Luton, Southend, Stansted Geneva (GVA)
88%
United Kingdom City, Gatwick, Heathrow, Luton, Stansted Glasgow (GLA)
88%
Finland Gatwick, Heathrow, Stansted Helsinki (HEL)
88%
Hong Kong Heathrow Hong Kong (HKG)
88%
United States Gatwick, Heathrow Los Angeles (LAX)
88%
France Gatwick, Heathrow, Luton Lyon (LYS)
88%
Mexico Heathrow Mexico City (MEX)
88%
Canada Gatwick, Heathrow Montreal (YUL)
88%
Canada Gatwick, Heathrow Ottawa (YOW)
88%
United States Heathrow Seattle (SEA)
88%
Estonia Gatwick, Luton, Stansted Tallinn (TLL)
88%
Canada Gatwick, Heathrow Toronto (YYZ)
88%
Poland Gatwick, Heathrow, Luton Warsaw (WAW)
88%
Poland Stansted Warsaw (WMI)
88%
Croatia Gatwick, Heathrow, Stansted Zagreb (ZAG)
88%
United Arab Emirates Heathrow Abu Dhabi (AUH)
85%
United States Gatwick, Heathrow Boston (BOS)
85%
Belgium Heathrow Brussels (BRU)
85%
Romania Gatwick, Heathrow, Luton, Stansted Bucharest (OTP)
85%
South Africa Gatwick, Heathrow Cape Town (CPT)
85%
United States Heathrow Chicago (ORD)
85%
Ireland Gatwick, Heathrow, Luton, Stansted Cork (ORK)
85%
United States Heathrow Detroit (DTW)
85%
Qatar Gatwick, Heathrow Doha (DOH)
85%
Germany City, Gatwick, Heathrow Frankfurt (FRA)
85%
United States Heathrow Houston (IAH)
85%
South Africa Heathrow Johannesburg (JNB)
85%
Portugal Gatwick, Heathrow, Luton, Stansted Lisbon (LIS)
85%
Spain City, Gatwick, Heathrow, Luton, Stansted Madrid (MAD)
85%
France Gatwick, Heathrow, Stansted Marseille (MRS)
85%
United States Heathrow Miami (MIA)
85%
Italy Stansted Milan (BGY)
85%
Italy City, Gatwick, Heathrow Milan (LIN)
85%
Italy Gatwick, Heathrow, Luton, Stansted Milan (MXP)
85%
Germany Gatwick, Heathrow, Luton, Southend, Stansted Munich (MUC)
85%
Norway Gatwick, Heathrow, Stansted Oslo (OSL)
85%
Portugal Gatwick, Luton, Stansted Porto (OPO)
85%
Czechia Gatwick, Heathrow, Luton, Stansted Prague (PRG)
85%
Latvia Gatwick, Heathrow, Stansted Riga (RIX)
85%
Chile Heathrow Santiago (SCL)
85%
Spain Gatwick, Heathrow, Stansted Santiago (SCQ)
85%
Brazil Heathrow São Paulo (GRU)
85%
Singapore Gatwick, Heathrow Singapore (SIN)
85%
Sweden Gatwick, Heathrow, Stansted Stockholm (ARN)
85%
Sweden Stansted Stockholm (VST)
85%
Albania Gatwick, Heathrow, Luton, Stansted Tirana (TIA)
85%
Japan Heathrow Tokyo (HND)
85%
Switzerland City, Gatwick, Heathrow, Luton, Stansted Zurich (ZRH)
85%
Ghana Gatwick, Heathrow Accra (ACC)
82%
Netherlands City, Gatwick, Heathrow, Luton, Southend, Stansted Amsterdam (AMS)
82%
Greece Gatwick, Heathrow, Luton, Stansted Athens (ATH)
82%
United States Heathrow Atlanta (ATL)
82%
Thailand Gatwick, Heathrow Bangkok (BKK)
82%
Colombia Heathrow Bogotá (BOG)
82%
France Gatwick, Luton Bordeaux (BOD)
82%
Gibraltar Gatwick, Heathrow Gibraltar (GIB)
82%
Germany Stansted Hahn (HHN)
82%
Germany Gatwick, Heathrow, Stansted Hamburg (HAM)
82%
Pakistan Gatwick, Heathrow Islamabad (ISB)
82%
Saudi Arabia Gatwick, Heathrow Jeddah (JED)
82%
Kuwait Heathrow Kuwait (KWI)
82%
India Heathrow Mumbai (BOM)
82%
Bahamas Heathrow Nassau (NAS)
82%
United States Heathrow Philadelphia (PHL)
82%
Italy Stansted Rome (CIA)
82%
Italy City, Gatwick, Heathrow, Luton, Stansted Rome (FCO)
82%
Austria Gatwick, Heathrow, Luton, Southend, Stansted Salzburg (SZG)
82%
Costa Rica Gatwick San José (SJO)
82%
Bulgaria Gatwick, Heathrow, Luton, Stansted Sofia (SOF)
82%
Taiwan Heathrow Taipei (TPE)
82%
Italy Gatwick, Luton, Stansted Turin (TRN)
82%
Canada Gatwick, Heathrow Vancouver (YVR)
82%
Jordan Heathrow, Luton, Stansted Amman (AMM)
79%
Bahrain Gatwick, Heathrow Bahrain (BAH)
79%
Azberbaijan Gatwick, Heathrow Baku (GYD)
79%
United States Heathrow Baltimore (BWI)
79%
Serbia Heathrow, Luton Belgrade (BEG)
79%
Italy Heathrow, Luton, Stansted Bologna (BLQ)
79%
Canada Heathrow Calgary (YYC)
79%
Germany Gatwick, Heathrow, Stansted Cologne (CGN)
79%
United States Heathrow Dallas (DFW)
79%
Germany Gatwick, Heathrow Düsseldorf (DUS)
79%
Poland Gatwick, Luton, Stansted Gdańsk (GDN)
79%
Türkiye Gatwick, Heathrow, Luton, Stansted Istanbul (IST)
79%
Türkiye Stansted Istanbul (SAW)
79%
Nigeria Gatwick, Heathrow Lagos (LOS)
79%
Malta Gatwick, Heathrow, Luton, Southend, Stansted Malta (MLA)
79%
United Kingdom Heathrow Manchester (MAN)
79%
United States Heathrow Minneapolis (MSP)
79%
Italy Gatwick, Heathrow, Luton, Stansted Naples (NAP)
79%
United States Gatwick, Heathrow Orlando (MCO)
79%
Morocco Gatwick, Stansted Rabat (RBA)
79%
Iceland Gatwick, Heathrow, Luton, Stansted Reykjavík (KEF)
79%
Saudi Arabia Heathrow Riyadh (RUH)
79%
United States Heathrow San Francisco (SFO)
79%
Bosnia and Herzegovina Luton, Stansted Sarajevo (SJJ)
79%
South Korea Heathrow Seoul (ICN)
79%
Croatia City, Gatwick, Heathrow, Luton, Stansted Split (SPU)
79%
Germany Gatwick, Heathrow Stuttgart (STR)
79%
Israel Gatwick, Heathrow, Luton, Stansted Tel Aviv (TLV)
79%
Greece City, Gatwick, Heathrow, Stansted Thessaloniki (SKG)
79%
Tunisia Gatwick, Heathrow Tunis (TUN)
79%
Spain Gatwick, Heathrow, Luton, Stansted Valencia (VLC)
79%
Italy Gatwick, Heathrow, Luton, Stansted Venice (VCE)
79%
Lithuania City, Luton, Stansted Vilnius (VNO)
79%
Nigeria Gatwick, Heathrow Abuja (ABV)
76%
Türkiye Stansted Ankara (ESB)
76%
United States Heathrow Austin (AUS)
76%
United Kingdom Gatwick, Luton, Stansted Belfast (BFS)
76%
United Kingdom City, Gatwick, Heathrow, Luton Belfast (BHD)
76%
Bermuda Heathrow Bermuda (BDA)
76%
Spain Gatwick, Heathrow, Luton Bilbao (BIO)
76%
Hungary Gatwick, Heathrow, Luton, Stansted Budapest (BUD)
76%
Morocco Gatwick, Heathrow, Stansted Casablanca (CMN)
76%
Türkiye Gatwick, Luton, Southend, Stansted Antalya (AYT)
76%
Portugal City, Gatwick, Heathrow, Luton, Southend, Stansted Faro (FAO)
76%
China Gatwick, Heathrow Guangzhou (CAN)
76%
Vietnam Heathrow Hanoi (HAN)
76%
Austria City, Gatwick, Heathrow, Luton Innsbruck (INN)
76%
Jersey Gatwick, Heathrow, Luton, Southend Jersey (JER)
76%
United States Heathrow Las Vegas (LAS)
76%
Luxembourg City, Heathrow, Stansted Luxembourg (LUX)
76%
Kenya Gatwick, Heathrow Nairobi (NBO)
76%
Italy Gatwick, Heathrow, Luton, Stansted Palermo (PMO)
76%
United States Heathrow Portland (PDX)
76%
Brazil Heathrow Rio de Janeiro (GIG)
76%
United States Gatwick, Heathrow Tampa (TPA)
76%
France Gatwick, Heathrow, Stansted Toulouse (TLS)
76%
China Heathrow Wuhan (WUH)
76%
United Kingdom Gatwick, Heathrow, Luton Aberdeen (ABZ)
74%
Ethiopia Gatwick, Heathrow Addis Ababa (ADD)
74%
Antigua and Barbuda Gatwick, Heathrow Antigua (ANU)
74%
Lebanon Heathrow Beirut (BEY)
74%
Slovakia Luton, Stansted Bratislava (BTS)
74%
Barbados Heathrow Bridgetown (BGI)
74%
Mexico Gatwick, Heathrow Cancún (CUN)
74%
Italy City, Gatwick, Heathrow, Stansted Florence (FLR)
74%
Türkiye Gatwick, Luton, Stansted İzmir (ADB)
74%
Jamaica Gatwick Kingston (KIN)
74%
Malaysia Heathrow Kuala Lumpur (KUL)
74%
Spain City, Gatwick, Heathrow, Luton, Southend, Stansted Málaga (AGP)
74%
Maldives Heathrow Malé (MLE)
74%
United States Heathrow Newark (EWR)
74%
Georgia Heathrow, Luton Tbilisi (TBS)
74%
Armenia Luton Yerevan (EVN)
74%
Spain Gatwick, Luton, Southend, Stansted Alicante (ALC)
71%
United States Heathrow Charlotte (CLT)
71%
China Heathrow Chengdu (TFU)
71%
Sweden Gatwick, Heathrow, Stansted Gothenburg (GOT)
71%
Guernsey City, Gatwick, Heathrow Guernsey (GCI)
71%
Greece Gatwick, Heathrow, Luton, Stansted Heraklion (HER)
71%
Poland Gatwick, Heathrow, Luton, Stansted Kraków (KRK)
71%
Oman Heathrow Muscat (MCT)
71%
France Gatwick, Stansted Nantes (NTE)
71%
Germany Heathrow, Stansted Nuremburg (NUE)
71%
United States Heathrow Phoenix (PHX)
71%
Thailand Heathrow Phuket (HKT)
71%
Italy Gatwick, Heathrow, Luton, Southend, Stansted Pisa (PSA)
71%
Netherlands City, Stansted Rotterdam (RTM)
71%
United States Heathrow San Diego (SAN)
71%
North Macedonia Luton Skopje (SKP)
71%
France Gatwick Strasbourg (SXB)
71%
Uzbekistan Gatwick, Heathrow Tashkent (TAS)
71%
Poland Gatwick, Luton, Stansted Wrocław (WRO)
71%
Switzerland Gatwick, Heathrow, Luton, Stansted Basel Mulhouse Freiburg (BSL)
68%
Norway Gatwick, Stansted Bergen (BGO)
68%
Germany Stansted Bremen (BRE)
68%
India Heathrow Chennai (MAA)
68%
Sri Lanka Heathrow Colombo (CMB)
68%
Croatia Gatwick, Heathrow, Stansted Dubrovnik (DBV)
68%
Canada Gatwick, Heathrow Halifax (YHZ)
68%
Pakistan Heathrow Lahore (LHE)
68%
United Kingdom Heathrow Newcastle (NCL)
68%
Kosovo Luton Pristina (PRN)
68%
Greece Gatwick, Heathrow, Luton, Stansted Rhodes (RHO)
68%
Saint Lucia Gatwick Saint Lucia (UVF)
68%
China Heathrow Xi'an (XIY)
68%
Moldova Luton, Stansted Chișinău (RMO)
65%
Austria Gatwick Graz (GRZ)
65%
Germany Heathrow Hanover (HAJ)
65%
Spain City, Gatwick, Heathrow, Luton, Southend, Stansted Ibiza (IBZ)
65%
Cyprus Gatwick, Heathrow, Luton, Stansted Larnaca (LCA)
65%
Slovenia Gatwick, Heathrow Ljubljana (LJU)
65%
Egypt Gatwick, Heathrow Luxor (LXR)
65%
United States Heathrow Nashville (BNA)
65%
United States Heathrow New Orleans (MSY)
65%
Trinidad and Tobago Gatwick Port of Spain (POS)
65%
United States Heathrow Salt Lake City (SLC)
65%
Italy Gatwick, Luton, Stansted Verona (VRN)
65%
Denmark Stansted Aarhus (AAR)
62%
Morocco Gatwick, Luton, Stansted Agadir (AGA)
62%
India Gatwick Ahmedabad (AMD)
62%
Kazakhstan Heathrow Almaty (ALA)
62%
Italy Gatwick, Stansted Bari (BRI)
62%
Czechia Stansted Brno (BRQ)
62%
Italy Gatwick, Luton, Stansted Catania (CTA)
62%
Netherlands Stansted Eindhoven (EIN)
62%
France Gatwick, Luton, Southend, Stansted Grenoble (GNB)
62%
Vietnam Heathrow Ho Chi Minh City (SGN)
62%
India Heathrow Hyderabad (HYD)
62%
Isle of Man City, Gatwick, Heathrow, Luton Isle of Man (IOM)
62%
Poland Luton, Stansted Katowice (KTW)
62%
Rwanda Heathrow Kigali (KGL)
62%
Greece Gatwick, Luton, Stansted Kos (KGS)
62%
Austria Stansted Linz (LNZ)
62%
Poland Stansted Łódź (LCJ)
62%
Sweden Stansted Malmö (MMX)
62%
Jamaica Heathrow Montego Bay (MBJ)
62%
Montenegro Gatwick, Stansted Podgorica (TGD)
62%
Canada Gatwick Saint John's (YYT)
62%
China Heathrow Shenzhen (SZX)
62%
Morocco Gatwick, Stansted Tangier (TNG)
62%
Norway Gatwick Trondheim (TRD)
62%
Bulgaria Luton Varna (VAR)
62%
China Heathrow Chongqing (CKG)
59%
United States Heathrow Cincinnati (CVG)
59%
Egypt Gatwick, Luton, Stansted Hurghada (HRG)
59%
France Gatwick Montpellier (MPL)
59%
United States Heathrow Pittsburgh (PIT)
59%
Bulgaria Luton, Stansted Plovdiv (PDV)
59%
Poland Luton, Stansted Poznań (POZ)
59%
Dominican Republic Gatwick Punta Cana (PUJ)
59%
France Gatwick Rennes (RNS)
59%
United States Heathrow Saint Louis (STL)
59%
Greece Gatwick, Heathrow, Stansted Santorini (JTR)
59%
Ireland Gatwick, Heathrow, Stansted Shannon (SNN)
59%
Turkmenistan Gatwick Ashgabat (ASB)
56%
Bulgaria Gatwick, Luton, Stansted Burgas (BOJ)
56%
China Heathrow Changsha (CSX)
56%
Greece Gatwick, Heathrow, Luton, Stansted Corfu (CFU)
56%
Germany Luton Dortmund (DTM)
56%
Portugal Gatwick, Luton, Stansted Funchal (FNC)
56%
Cyprus Gatwick, Heathrow, Luton, Stansted Paphos (PFO)
56%
Türkiye Gatwick, Heathrow, Luton, Stansted Bodrum (BJV)
53%
France Gatwick Brest (BES)
53%
Hungary Luton Debrecen (DEB)
53%
Greece Gatwick, Heathrow, Luton Mykonos (JMK)
53%
Czechia Stansted Ostrava (OSR)
53%
Norway Gatwick, Heathrow, Luton Tromsø (TOS)
53%
Denmark Gatwick Aalborg (AAL)
50%
France Gatwick Bastia (BIA)
50%
France Gatwick, Stansted Biarritz (BIQ)
50%
Denmark Gatwick, Heathrow Billund (BLL)
50%
Italy Gatwick, Heathrow, Stansted Brindisi (BDS)
50%
Italy Gatwick, Stansted Cagliari (CAG)
50%
Greece Gatwick, Heathrow, Luton, Stansted Chania (CHQ)
50%
Iraq Gatwick Erbil (EBL)
50%
Romania Luton Iași (IAS)
50%
United Kingdom Gatwick, Heathrow, Luton Inverness (INV)
50%
Poland Luton Lublin (LUZ)
50%
Mauritius Gatwick Mauritius (MRU)
50%
Spain Gatwick, Luton, Stansted Menorca (MAH)
50%
China Gatwick, Heathrow Qingdao (TAO)
50%
Finland Gatwick, Luton, Southend, Stansted Rovaniemi (RVN)
50%
Spain Gatwick, Heathrow, Luton, Stansted Sevilla (SVQ)
50%
Egypt Gatwick, Luton, Stansted Sharm El Sheikh (SSH)
50%
Norway Gatwick Stavanger (SVG)
50%
Romania Luton Timișoara (TSR)
50%
France City Toulon (TLN)
50%
Croatia Gatwick, Stansted Zadar (ZAD)
50%
United Kingdom Heathrow Derry (LDY)
47%
Spain Gatwick, Luton, Stansted Fuerteventura (FUE)
47%
Lithuania Luton, Stansted Kaunas (KUN)
47%
Spain Gatwick, Luton, Stansted Murcia (RMU)
47%
Italy City, Gatwick, Heathrow, Luton, Stansted Olbia (OLB)
47%
Spain City, Gatwick, Heathrow, Luton, Southend, Stansted Palma de Mallorca (PMI)
47%
Croatia Gatwick, Luton, Stansted Pula (PUY)
47%
Croatia Stansted Rijeka (RJK)
47%
United Arab Emirates Gatwick Sharjah (SHJ)
47%
Spain Stansted Zaragoza (ZAZ)
47%
Iceland Gatwick Akureyri (AEY)
44%
Romania Luton Constanța (CND)
44%
Tunisia Luton Djerba (DJE)
44%
Uganda Gatwick Entebbe (EBB)
44%
Austria Stansted Klagenfurt (KLU)
44%
Slovakia Luton, Stansted Košice (KSC)
44%
Morocco Gatwick, Heathrow, Luton, Southend, Stansted Marrakech (RAK)
44%
France Stansted Tours (TUF)
44%
China Gatwick Zhengzhou (CGO)
44%
Italy Stansted Ancona (AOI)
41%
Romania Luton, Stansted Cluj-Napoca (CLJ)
41%
Saudi Arabia Heathrow Dammam (DMM)
41%
Morocco Stansted Fès (FEZ)
41%
Türkiye Stansted Gaziantep (GZT)
41%
Spain Gatwick, Luton, Stansted Girona (GRO)
41%
Egypt Luton Giza (SPX)
41%
Spain Gatwick, Luton, Southend, Stansted Gran Canaria (LPA)
41%
Spain Stansted Jerez (XRY)
41%
Greece Gatwick, Stansted Kalamata (KLX)
41%
Germany Stansted Karlsruhe (FKB)
41%
Greece Gatwick, Heathrow, Stansted Kefalonia (EFL)
41%
Spain Gatwick, Luton, Southend, Stansted Lanzarote (ACE)
41%
Spain Gatwick, Stansted La Palma (SPC)
41%
Portugal Heathrow Ponta Delgada (PDL)
41%
Italy Stansted Trieste (TRS)
41%
Greece Gatwick, Heathrow, Luton, Stansted Zakynthos (ZTH)
41%
Italy Stansted Alghero (AHO)
38%
Spain Gatwick, Luton, Southend, Stansted Almería (LEI)
38%
France City, Gatwick, Stansted Chambéry (CMF)
38%
Türkiye Gatwick, Heathrow, Luton, Southend, Stansted Dalaman (DLM)
38%
United Kingdom Heathrow Dundee (DND)
38%
Finland Gatwick Kittilä (KTT)
38%
Ireland Heathrow, Luton, Stansted Knock (NOC)
38%
France Stansted Limoges (LIG)
38%
Egypt Gatwick Marsa Alam (RMF)
38%
Germany Stansted Memmingen (FMM)
38%
Italy Heathrow, Stansted Perugia (PEG)
38%
Spain City San Sebastián (EAS)
38%
Bangladesh Heathrow Sylhet (ZYL)
38%
Montenegro Gatwick, Heathrow, Luton, Stansted Tivat (TIV)
38%
Faroe Islands Gatwick Vágar (FAE)
38%
Spain Gatwick, Heathrow A Coruña (LCG)
35%
Spain Gatwick Asturias (OVD)
35%
India Heathrow Bengaluru (BLR)
35%
Cabo Verde Gatwick Boa Vista (BVC)
35%
Ireland Luton, Stansted Kerry (KIR)
35%
France Gatwick, Stansted La Rochelle (LRH)
35%
Germany Stansted Münster (FMO)
35%
France Stansted Nîmes (FNI)
35%
Croatia Stansted Osijek (OSI)
35%
France Stansted Perpignan (PGF)
35%
Italy Gatwick, Heathrow, Stansted Rimini (RMI)
35%
Greece Stansted Samos (SMI)
35%
Spain Stansted Santander (SDR)
35%
Norway Gatwick Ålesund (AES)
32%
France Luton, Stansted Béziers (BZR)
32%
Romania Luton Brașov (GHV)
32%
France Gatwick, Heathrow Figari (FSC)
32%
Finland Gatwick Ivalo (IVL)
32%
France Stansted Poitiers (PIS)
32%
Spain Gatwick, Luton, Stansted Reus (REU)
32%
Greece City, Gatwick, Luton, Stansted Skiathos (JSI)
32%
Italy Luton Treviso (TSF)
32%
India Gatwick Amritsar (ATQ)
29%
France City, Stansted Bergerac (EGC)
29%
France Stansted Carcassonne (CCF)
29%
Tunisia Gatwick, Luton, Southend Enfidha (NBE)
29%
China Heathrow Haikou (HAK)
29%
Germany Stansted Lübeck (LBC)
29%
United Kingdom Stansted Newquay (NQY)
29%
Romania Stansted Oradea (OMR)
29%
Poland Luton, Stansted Rzeszów (RZE)
29%
Poland Stansted Szczecin (SZZ)
29%
Italy Stansted Lamezia Terme (SUF)
26%
Lithuania Stansted Palanga (PLQ)
26%
Italy Stansted Reggio Calabria (REG)
26%
Sweden Gatwick, Heathrow Sälen (SCR)
26%
Norway Stansted Sandefjord (TRF)
26%
Romania Luton Sibiu (SBZ)
26%
Morocco Gatwick Tetouan (TTU)
26%
Romania Luton Bacău (BCM)
24%
France Stansted Brive (BVE)
24%
Poland Luton, Stansted Bydgoszcz (BZG)
24%
Romania Luton Craiova (CRA)
24%
Germany Gatwick Friedrichshafen (FDH)
24%
Türkiye Stansted Kayseri (ASR)
24%
United States Heathrow Raleigh (RDU)
24%
Italy Stansted Salerno (QSR)
24%
Romania Luton Satu Mare (SUJ)
24%
Romania Luton Suceava (SCV)
24%
Romania Luton Târgu Mureș (TGM)
24%
Italy Stansted Trapani (TPS)
24%
Spain Stansted Castellón (CDT)
21%
Italy Stansted Genova (GOA)
21%
Poland Stansted Olsztyn (SZY)
21%
Italy Gatwick Bolzano (BZO)
18%
Slovakia Luton Poprad (TAT)
18%
France Stansted Rodez (RDZ)
18%
Morocco Stansted Essaouira (ESU)
15%
Saudi Arabia Gatwick Madinah (MED)
15%
France Stansted Tarbes (LDE)
15%
Spain Gatwick, Heathrow, Luton, Southend, Stansted Tenerife Sur (TFS)
15%
Italy Stansted Abruzzo (PSR)
12%
Greece Gatwick, Heathrow, Luton, Stansted Aktion (PVK)
9%
Türkiye Stansted Çukurova (COV)
6%
Greece Stansted Mitilini (MJT)
6%
No matching quizzes found
Score Distribution
Percent of People with Each Score
Percentile by Number Answered
Your Score History
You have not taken this quiz since the last reset